00817cam a2200265 a 45000010008000000030006000080050017000140080041000310200025000720350017000970400061001140410012001750420008001870500024001951000011002192450012002302460029002422460019002712600034002903000053003245050106003776000011004836500015004946500042005095252121CaAEU20260304110049.0070731s2006 enka 000 0 eng c a9781844137879 (pbk.) aocn186480632 aUKMcUKMdCGUdBAKERdCOOdIXAdOCOdNLGGCdDPLdCaONFJC aEnglish apcc 4aN6797.B363bA4 2006 aBanksy10aBanksy.14aBanksy :bwall and piece30aWall and piece aLondon, UK :bCentury,c2006. a238 pages :billustrations (some color) ;c27 cm aBanksy — His work — Photographed — With comments by Banksy — In a book — This is that book. 0aBanksy 0aStreet art 0aGraffiti artists--England--Influence.